| 000 | 00449nam a2200133Ia 4500 | ||
|---|---|---|---|
| 008 | 170419s9999 xx 000 0 und d | ||
| 100 | _aCastner, Jessica. | ||
| 245 | _aStrengthening the role of nurses in medical device development | ||
| 245 | _cJessica Castner, Suzanne S. Sullivan, Albert H. Titus, and Karen J. Klingman | ||
| 260 | _bElsevier | ||
| 260 | _c2016 | ||
| 300 | _aJuly/August 2016 | ||
| 440 |
_aJournal of Profesional Nursing _v32:4 |
||
| 999 |
_c329532 _d329532 |
||